000 00469nam a22001697a 4500
999 _c2184
_d2184
005 20181009155026.0
008 181009b ||||| |||| 00| 0 eng d
020 _a0801076218
040 _cDLC
082 _a268.432
_bR6491B
100 _aRobertson, Betty B.
245 _aBetter Ideas for Children's Workers,
_cBetty B. Robertson
260 _aGrand Rapids, Michigan,
_bBaker Book House
_c1973
300 _a80p,;
650 _xreligious education
942 _2ddc
_cBK